| 000 | 00603nam a2200217Ia 4500 | ||
|---|---|---|---|
| 003 | OSt | ||
| 005 | 20220925215343.0 | ||
| 006 | a|||||r|||| 00| 0 | ||
| 007 | ta | ||
| 008 | 220923b |||||||| |||| 00| 0 eng d | ||
| 037 | _cGeneral Book | ||
| 040 |
_aRTL _cRTL _beng |
||
| 041 |
_2eng _aeng |
||
| 082 | _aE.79291.N59r, K4 | ||
| 245 | 0 |
_aMontserrat _b Report for the year,1955 & 1956. |
|
| 260 |
_aLondon _bHer Majesty's Stationary Office _c1958 |
||
| 300 |
_a33p. _ccm. |
||
| 500 | _aAppendix :33 | ||
| 942 |
_hE.79291.N59r, K4 _cGB _2CC |
||
| 999 |
_c568578 _d568578 |
||